[Event "British Chess Championships 2023: Major Open"]
[Site "The Venue, De Montfort University, 20 Western Boulevard, Leicester, LE2 7BU"]
[Date "2023.07.26"]
[Round "5"]
[Board "5"]
[White "Brewer, Callum D"]
[Black "Dicen, Elis Denele"]
[Result "1-0"]
[WhiteElo "2132"]
[BlackElo "1925"]
[PlyCount "0"]
[EventDate "2023.07.22"]
[EventRounds "9"]
[EventCountry "ENG"]

1. e4 {[%clk 1:30:57]} c6 {[%clk 1:30:54]} 2. d4 {[%clk 1:31:12]} d5 {[%clk
1:31:17]} 3. exd5 {[%clk 1:31:22]} cxd5 {[%clk 1:31:40]} 4. Bd3 {[%clk 1:31:50]}
Nc6 {[%clk 1:31:43]} 5. c3 {[%clk 1:32:18]} Nf6 {[%clk 1:31:35]} 6. Bf4 {[%clk
1:31:38]} Bg4 {[%clk 1:31:21]} 7. Qb3 {[%clk 1:31:16]} Qd7 {[%clk 1:30:12]} 8.
Nd2 {[%clk 1:28:51]} e6 {[%clk 1:27:45]} 9. Ngf3 {[%clk 1:27:58]} Na5 {[%clk
1:22:47]} 10. Qb5 {[%clk 1:17:29]} Nc6 {[%clk 1:09:17]} 11. O-O {[%clk 1:14:47]}
Be7 {[%clk 1:08:32]} 12. Qb3 {[%clk 1:09:44]} O-O {[%clk 1:06:04]} 13. Ne5 {[%clk
1:01:16]} Nxe5 {[%clk 1:01:53]} 14. dxe5 {[%clk 1:01:29]} Ne8 {[%clk 1:01:52]}
15. c4 {[%clk 0:50:58]} Nc7 {[%clk 0:56:10]} 16. Qc2 {[%clk 0:44:46]} g6 {[%clk
0:47:57]} 17. c5 {[%clk 0:42:13]} Bf5 {[%clk 0:46:39]} 18. b4 {[%clk 0:37:29]} a5
{[%clk 0:41:29]} 19. a3 {[%clk 0:37:44]} Nb5 {[%clk 0:40:09]} 20. Nf3 {[%clk
0:35:33]} Rfc8 {[%clk 0:35:57]} 21. Bxf5 {[%clk 0:33:34]} exf5 {[%clk 0:35:43]}
22. Qb2 {[%clk 0:32:50]} Nc7 {[%clk 0:33:53]} 23. Nd4 {[%clk 0:27:39]} Ne6 {[%clk
0:33:19]} 24. Be3 {[%clk 0:28:07]} Nxd4 {[%clk 0:26:52]} 25. Qxd4 {[%clk
0:23:50]} Qe6 {[%clk 0:23:22]} 26. Rfd1 {[%clk 0:23:04]} axb4 {[%clk 0:20:48]}
27. axb4 {[%clk 0:23:32]} Rxa1 {[%clk 0:20:49]} 28. Rxa1 {[%clk 0:24:00]} Qc6
{[%clk 0:19:15]} 29. Qd3 {[%clk 0:21:05]} Qe6 {[%clk 0:18:40]} 30. Bd4 {[%clk
0:16:37]} Bf8 {[%clk 0:17:25]} 31. f4 {[%clk 0:14:55]} Bh6 {[%clk 0:16:02]} 32.
g3 {[%clk 0:15:19]} Bf8 {[%clk 0:16:27]} 33. Ra7 {[%clk 0:13:06]} Qd7 {[%clk
0:16:05]} 34. Kg2 {[%clk 0:12:13]} Be7 {[%clk 0:15:22]} 35. Bc3 {[%clk 0:12:01]}
Rd8 {[%clk 0:14:00]} 36. Bd4 {[%clk 0:07:53]} Rc8 {[%clk 0:12:16]} 37. Qe2 {[%clk
0:08:20]} Bf8 {[%clk 0:07:12]} 38. e6 {[%clk 0:05:03]} fxe6 {[%clk 0:05:41]} 39.
Qe5 {[%clk 0:05:31]} Kf7 {[%clk 0:04:34]} 40. b5 {[%clk 0:01:52]} Rc7 {[%clk
0:01:10]} 41. c6 {[%clk 0:29:48]} Qc8 {[%clk 0:26:51]} 42. Qxc7+ {[%clk 0:28:38]}
Qxc7 {[%clk 0:27:11]} 43. Rxb7 {[%clk 0:29:06]} Bd6 {[%clk 0:27:29]} 44. Be5
{[%clk 0:26:09]} Bxe5 {[%clk 0:27:47]} 45. fxe5 {[%clk 0:26:37]} Qxb7 {[%clk
0:28:06]} 46. cxb7 {[%clk 0:26:52]} d4 {[%clk 0:28:31]} 47. b8=Q {[%clk 0:27:19]}
d3 {[%clk 0:28:51]} 48. Qc7+ {[%clk 0:27:38]} Kg8 {[%clk 0:29:15]} 49. b6 {[%clk
0:27:50]} h6 {[%clk 0:29:39]} 50. b7 {[%clk 0:28:16]} g5 {[%clk 0:30:05]} 51.
b8=Q# {[%clk 0:28:39]}  1-0

[Event "British Chess Championships 2023: Major Open"]
[Site "The Venue, De Montfort University, 20 Western Boulevard, Leicester, LE2 7BU"]
[Date "2023.07.26"]
[Round "5"]
[Board "6"]
[White "Sanger, Jake M"]
[Black "Dougherty, Michael"]
[Result "1-0"]
[WhiteElo "1933"]
[BlackElo "2110"]
[PlyCount "0"]
[EventDate "2023.07.22"]
[EventRounds "9"]
[EventCountry "ENG"]

1. d4 {[%clk 1:30:56]} Nf6 {[%clk 1:30:43]} 2. c4 {[%clk 1:31:19]} g6 {[%clk
1:30:38]} 3. Nc3 {[%clk 1:31:43]} Bg7 {[%clk 1:30:47]} 4. e4 {[%clk 1:32:05]} O-O
{[%clk 1:31:02]} 5. Nf3 {[%clk 1:32:29]} c5 {[%clk 1:30:56]} 6. d5 {[%clk
1:32:00]} d6 {[%clk 1:31:12]} 7. h3 {[%clk 1:32:06]} a6 {[%clk 1:29:10]} 8. a4
{[%clk 1:32:12]} e5 {[%clk 1:29:09]} 9. Bd3 {[%clk 1:31:56]} h6 {[%clk 1:28:58]}
10. g4 {[%clk 1:20:04]} Nh7 {[%clk 1:26:17]} 11. Be3 {[%clk 1:14:07]} f5 {[%clk
1:23:38]} 12. gxf5 {[%clk 1:14:00]} gxf5 {[%clk 1:24:01]} 13. exf5 {[%clk
1:14:05]} e4 {[%clk 1:20:33]} 14. Bxe4 {[%clk 1:02:08]} Bxf5 {[%clk 1:19:16]} 15.
Nd2 {[%clk 0:52:14]} Nd7 {[%clk 1:00:52]} 16. Rg1 {[%clk 0:32:13]} Qh4 {[%clk
0:37:27]} 17. Qc2 {[%clk 0:28:01]} Bxe4 {[%clk 0:29:09]} 18. Ncxe4 {[%clk
0:27:47]} Qh5 {[%clk 0:21:37]} 19. Ng3 {[%clk 0:24:18]} Qe5 {[%clk 0:19:22]} 20.
O-O-O {[%clk 0:23:49]} b5 {[%clk 0:19:09]} 21. Rde1 {[%clk 0:21:16]} Rae8 {[%clk
0:16:09]} 22. Re2 {[%clk 0:16:27]} Kh8 {[%clk 0:13:53]} 23. f4 {[%clk 0:14:27]}
Qe7 {[%clk 0:09:43]} 24. Nf5 {[%clk 0:13:15]} Rxf5 {[%clk 0:10:11]} 25. Qxf5
{[%clk 0:13:39]} Nb6 {[%clk 0:10:21]} 26. Bd4 {[%clk 0:10:20]} Bxd4 {[%clk
0:10:29]} 27. Rxe7 {[%clk 0:10:44]} Rxe7 {[%clk 0:10:57]} 28. Rg6 {[%clk
0:09:56]}  1-0

[Event "British Chess Championships 2023: Major Open"]
[Site "The Venue, De Montfort University, 20 Western Boulevard, Leicester, LE2 7BU"]
[Date "2023.07.26"]
[Round "5"]
[Board "7"]
[White "Rubeck, Jonathan"]
[Black "Sedykh, Mikhail"]
[Result "0-1"]
[WhiteElo "1760"]
[BlackElo "2084"]
[PlyCount "156"]
[EventDate "2023.07.22"]
[EventRounds "9"]
[EventCountry "ENG"]

1. e4 e6 2. d3 d5 3. Nd2 Nf6 4. Ngf3 Be7 5. g3 O-O 6. Bg2 dxe4 7. dxe4 Nc6 8.
O-O e5 9. Re1 Be6 10. c3 a5 11. Qc2 Bc5 12. Nf1 h6 13. Ne3 Qe7 14. Nh4 Rfd8 15.
Nhf5 Qf8 16. Qe2 g6 17. Nd5 Nxd5 18. Nxh6+ Kh7 19. exd5 Bxd5 20. Bxd5 Rxd5 21.
Qe4 Rd6 22. g4 Rad8 23. g5 f5 24. gxf6 Rxf6 25. Ng4 Rxf2 26. Be3 Rf4 27. Qg2
Rd2 28. Qh3+ Kg8 29. Kh1 Bxe3 30. Rxe3 Qd8 31. Rae1 Qd5+ 32. Kg1 Rd1 33. Qg3
Rxe1+ 34. Rxe1 Rf3 35. Qg2 Qd3 36. Kh1 Kg7 37. Nf2 Qf5 38. Ne4 Rf4 39. Ng3 Qg4
40. Qd2 Qf3+ 41. Kg1 Rf6 42. Ne4 Qg4+ 43. Kh1 Qf3+ 44. Kg1 Qg4+ 45. Kh1 Rf7 46.
Ng5 Rd7 47. Qe3 Rd1 48. Rxd1 Qxd1+ 49. Kg2 Qc2+ 50. Kg3 Qf5 51. h4 Qf6 52. Qd2
Qd6 53. Qe3 Ne7 54. Qe4 Qd5 55. Kg4 Qxe4+ 56. Nxe4 Nd5 57. Kg5 b6 58. c4 Nf4
59. Nc3 Ne6+ 60. Kg4 Kf7 61. Nd5 Ke8 62. Kf3 Kd7 63. Ke4 Kd6 64. b3 Nc5+ 65.
Ke3 Nd7 66. Nc3 Nf6 67. a3 c6 68. b4 axb4 69. axb4 Nh5 70. Ne4+ Ke6 71. Ng5+
Kf6 72. Ne4+ Ke7 73. Nc3 Ng3 74. b5 Kd6 75. Ne4+ Nxe4 76. Kxe4 cxb5 77. cxb5
Ke6 78. Kf3 Kf5  0-1

[Event "British Chess Championships 2023: Major Open"]
[Site "The Venue, De Montfort University, 20 Western Boulevard, Leicester, LE2 7BU"]
[Date "2023.07.26"]
[Round "5"]
[Board "8"]
[White "Nelson, Jonathan P"]
[Black "Banerjee, Supratit"]
[Result "1-0"]
[WhiteElo "2175"]
[BlackElo "1895"]
[PlyCount "81"]
[EventDate "2023.07.22"]
[EventRounds "9"]
[EventCountry "ENG"]

1. d4 d5 2. Nf3 Nf6 3. e3 e6 4. Bd3 c5 5. b3 Nc6 6. O-O Be7 7. Bb2 O-O 8. Nbd2
cxd4 9. exd4 Bd7 10. a3 Re8 11. Ne5 Qc7 12. Qf3 Bd6 13. Rae1 Rad8 14. Qh3 h6
15. f4 Qa5 16. Ndf3 Ne7 17. g4 Ne4 18. Qh5 Rf8 19. Nxd7 Ng6 20. Bc1 Rxd7 21.
Bxe4 Nxf4 22. Bxf4 Bxf4 23. Bd3 Qxa3 24. g5 Qe7 25. Ne5 Bxe5 26. Rxe5 Qb4 27.
Qh4 h5 28. g6 fxg6 29. Rxf8+ Kxf8 30. Bxg6 Re7 31. Rxh5 Qxd4+ 32. Qxd4 Rc7 33.
Rh8+ Ke7 34. Qxg7+ Kd6 35. Rd8+ Kc6 36. Qc3+ Kb6 37. Qb4+ Ka6 38. Bd3+ Rc4 39.
bxc4 b6 40. cxd5+ Kb7 41. Qe7#  1-0

[Event "British Chess Championships 2023: Major Open"]
[Site "The Venue, De Montfort University, 20 Western Boulevard, Leicester, LE2 7BU"]
[Date "2023.07.26"]
[Round "5"]
[Board "9"]
[White "Farrand, Tom"]
[Black "Lee, Alexandre Km"]
[Result "1/2-1/2"]
[WhiteElo "2110"]
[BlackElo "1693"]
[PlyCount "98"]
[EventDate "2023.07.22"]
[EventRounds "9"]
[EventCountry "ENG"]

1. c4 Nf6 2. g3 g6 3. Bg2 Bg7 4. Nc3 O-O 5. d3 d6 6. e4 c5 7. Nge2 Nc6 8. O-O
a6 9. Rb1 Rb8 10. f4 Bd7 11. h3 b5 12. b3 Ne8 13. Be3 Nc7 14. f5 Nd4 15. g4 b4
16. Nd5 Nxd5 17. cxd5 Nxe2+ 18. Qxe2 Bd4 19. Kh1 Bxe3 20. Qxe3 f6 21. fxg6 hxg6
22. Qh6 Qe8 23. e5 dxe5 24. Be4 Qf7 25. Bxg6 Qg7 26. Qh5 Be8 27. Bxe8 Rbxe8 28.
Rbc1 Rc8 29. Qf5 Rfd8 30. g5 Qf7 31. Rg1 Qxd5+ 32. Kh2 Qxd3 33. gxf6+ Kh8 34.
Qh5+ Qh7 35. Qxh7+ Kxh7 36. Rg7+ Kh8 37. Rxe7 Rf8 38. f7 Kg7 39. Rxe5 Rxf7 40.
Kg3 Rfc7 41. Rc4 Rc6 42. h4 Rg6+ 43. Kf3 Rgc6 44. Ke3 a5 45. h5 a4 46. bxa4 Ra8
47. Rexc5 Rxc5 48. Rxc5 Rxa4 49. Rc2 Ra3+  1/2-1/2

[Event "British Chess Championships 2023: Major Open"]
[Site "The Venue, De Montfort University, 20 Western Boulevard, Leicester, LE2 7BU"]
[Date "2023.07.26"]
[Round "5"]
[Board "10"]
[White "Sugden, John N"]
[Black "Freeman, Ashley"]
[Result "1-0"]
[WhiteElo "1977"]
[BlackElo "1846"]
[PlyCount "97"]
[EventDate "2023.07.22"]
[EventRounds "9"]
[EventCountry "ENG"]

1. d4 f5 2. g3 Nf6 3. Bg2 e6 4. Nf3 Be7 5. O-O O-O 6. c4 d6 7. Nc3 Ne4 8. Nxe4
fxe4 9. Ne1 d5 10. f3 Nc6 11. fxe4 Rxf1+ 12. Bxf1 dxc4 13. e3 b5 14. a4 Na5 15.
axb5 c5 16. bxc6 Qb6 17. Rxa5 Qxa5 18. Bxc4 Kh8 19. Nd3 Bf6 20. Qb3 e5 21. d5
Qc7 22. Bd2 Rb8 23. Qc3 Bh3 24. Nf2 Bc8 25. b3 Be7 26. Qa5 Rb6 27. Qa1 Rb8 28.
Ba5 Qd6 29. Bc3 Bf6 30. Kg2 Qc5 31. Bxe5 Qe7 32. Bxf6 gxf6 33. Qd4 Qd6 34. Nd3
Rb6 35. e5 fxe5 36. Qxe5+ Qxe5 37. Nxe5 Kg7 38. d6 a5 39. d7 Bxd7 40. cxd7 Rd6
41. Bb5 Kf6 42. Nf3 Ke7 43. Nd4 Kd8 44. Kf3 Kc7 45. Ke4 Rh6 46. Ke5 Rh5+ 47.
Ke6 Rh6+ 48. Ke7 Rd6 49. Ne6+  1-0

[Event "British Chess Championships 2023: Major Open"]
[Site "The Venue, De Montfort University, 20 Western Boulevard, Leicester, LE2 7BU"]
[Date "2023.07.26"]
[Round "5"]
[Board "11"]
[White "Arora, Tashika"]
[Black "Brown, Tom"]
[Result "1-0"]
[WhiteElo "1836"]
[BlackElo "1959"]
[PlyCount "67"]
[EventDate "2023.07.22"]
[EventRounds "9"]
[EventCountry "ENG"]

1. d4 d5 2. Nf3 Nf6 3. c4 dxc4 4. g3 c5 5. Bg2 e6 6. O-O Nc6 7. Qa4 Bd7 8. Qxc4
cxd4 9. Nxd4 Rc8 10. Nxc6 Bxc6 11. Bxc6+ Rxc6 12. Qa4 Qb6 13. Nc3 a6 14. Be3
Bc5 15. Bxc5 Qxc5 16. Rac1 O-O 17. Ne4 Qxc1 18. Nxf6+ gxf6 19. Rxc1 Rxc1+ 20.
Kg2 Rfc8 21. Qg4+ Kf8 22. Qf3 R8c7 23. Qxf6 Kg8 24. h4 R7c5 25. Qd8+ Kg7 26.
Qd4+ Kg8 27. h5 R1c4 28. Qd8+ Kg7 29. h6+ Kg6 30. Qg8+ Kxh6 31. Qxf7 Rc6 32.
Qf6+ Kh5 33. f4 R4c5 34. Kh3  1-0

[Event "British Chess Championships 2023: Major Open"]
[Site "The Venue, De Montfort University, 20 Western Boulevard, Leicester, LE2 7BU"]
[Date "2023.07.26"]
[Round "5"]
[Board "12"]
[White "Patel, Zain"]
[Black "Rida, Ruqayyah"]
[Result "1-0"]
[WhiteElo "1910"]
[BlackElo "1828"]
[PlyCount "105"]
[EventDate "2023.07.22"]
[EventRounds "9"]
[EventCountry "ENG"]

1. d4 Nf6 2. Nf3 g6 3. c4 Bg7 4. Nc3 O-O 5. e4 d6 6. Be2 e5 7. dxe5 dxe5 8.
Qxd8 Rxd8 9. Bg5 Re8 10. Nd5 Nxd5 11. cxd5 c6 12. Bc4 cxd5 13. Bxd5 Nd7 14. Nd2
Nc5 15. Nc4 Be6 16. Nd6 Reb8 17. O-O-O Bxd5 18. Rxd5 b6 19. Be3 Nb7 20. Nxb7
Rxb7 21. Rhd1 Rc7+ 22. Kb1 f5 23. f3 fxe4 24. fxe4 h6 25. Rc1 Rxc1+ 26. Kxc1
Rc8+ 27. Kd2 Rc7 28. Kd3 Kf7 29. Bd2 Ke6 30. Bc3 Rf7 31. Be1 Bf8 32. Rd8 Bc5
33. Re8+ Kf6 34. Bc3 Rd7+ 35. Ke2 Bd6 36. Rc8 Kf7 37. a4 Re7 38. Rc6 Re6 39.
Kd3 Ke7 40. Kc4 Kd7 41. Kd5 Rf6 42. Bb4 Be7 43. Rxf6 Bxf6 44. Bd6 Bg7 45. b4 a6
46. Bxe5 Bf8 47. b5 axb5 48. axb5 Be7 49. Bd4 Bd8 50. e5 g5 51. g4 Bc7 52. h3
Bd8 53. e6+  1-0

[Event "British Chess Championships 2023: Major Open"]
[Site "The Venue, De Montfort University, 20 Western Boulevard, Leicester, LE2 7BU"]
[Date "2023.07.26"]
[Round "5"]
[Board "13"]
[White "Wilkinson, Daniel"]
[Black "Raju, Sooraj Menothuparambil"]
[Result "0-1"]
[WhiteElo "1712"]
[BlackElo "1861"]
[PlyCount "104"]
[EventDate "2023.07.22"]
[EventRounds "9"]
[EventCountry "ENG"]

1. e4 Nf6 2. e5 Nd5 3. d4 d6 4. c4 Nb6 5. f4 dxe5 6. fxe5 Nc6 7. Be3 Bf5 8. Nc3
e6 9. Nf3 Qd7 10. Be2 O-O-O 11. Qd2 f6 12. exf6 gxf6 13. O-O Rg8 14. Kh1 Bg4
15. d5 Bxf3 16. Rxf3 Ne5 17. Rxf6 Qg7 18. Rf2 Nbxc4 19. Bxc4 Nxc4 20. Qe2 exd5
21. Nxd5 Qxb2 22. Qxb2 Nxb2 23. Nf6 Rg6 24. Nxh7 Bg7 25. Raf1 Nd1 26. Rf3 Nxe3
27. Rxe3 Rd2 28. Nf8 Bxf8 29. Rxf8+ Kd7 30. g3 c5 31. Rf7+ Kc6 32. Ree7 b6 33.
a4 a6 34. Rc7+ Kd5 35. Rfd7+ Rd6 36. h4 Ke6 37. Rxd6+ Kxd6 38. Rc8 Kd7 39. Rf8
c4 40. Rf3 b5 41. axb5 axb5 42. h5 b4 43. h6 c3 44. h7 c2 45. Rf1 Rd1 46. h8=Q
Rxf1+ 47. Kg2 c1=Q 48. Qd4+ Kc6 49. Qe4+ Kb5 50. Qb7+ Ka4 51. Qa6+ Kb3 52. Qd3+
Ka2  0-1

[Event "British Chess Championships 2023: Major Open"]
[Site "The Venue, De Montfort University, 20 Western Boulevard, Leicester, LE2 7BU"]
[Date "2023.07.26"]
[Round "5"]
[Board "14"]
[White "Santhosh, Abhyuday"]
[Black "Atako, Chino C"]
[Result "0-1"]
[WhiteElo "1797"]
[BlackElo "2009"]
[PlyCount "94"]
[EventDate "2023.07.22"]
[EventRounds "9"]
[EventCountry "ENG"]

1. e4 d6 2. d4 g6 3. Nc3 c6 4. a4 Bg7 5. Be3 Nf6 6. Qd2 Ng4 7. Bg5 h6 8. Bh4
Nd7 9. Bc4 O-O 10. f3 Ngf6 11. Nge2 d5 12. Bb3 dxe4 13. fxe4 g5 14. Bg3 b5 15.
axb5 cxb5 16. e5 b4 17. Nd5 Ne4 18. Qe3 Nxg3 19. Nxg3 e6 20. Nxb4 Qb6 21. Nd3
f5 22. Nh5 Bb7 23. Qf2 Be4 24. Nxg7 Kxg7 25. Rd1 a5 26. O-O a4 27. Ba2 Rfe8 28.
c4 Rab8 29. Rfe1 Bxd3 30. Rxd3 Qxb2 31. Rd2 Qc3 32. Re3 Qb4 33. d5 Nc5 34. h4
Nb3 35. Bxb3 axb3 36. Ree2 Qxc4 37. d6 Rb7 38. hxg5 hxg5 39. Rb2 Kg6 40. Qf3
Reb8 41. g3 Rh7 42. Qe3 Rbh8 43. Kf2 Rh2+ 44. Ke1 Rh1+ 45. Kd2 Qc1+ 46. Kd3
Rd1+ 47. Red2 Qxb2  0-1

[Event "British Chess Championships 2023: Major Open"]
[Site "The Venue, De Montfort University, 20 Western Boulevard, Leicester, LE2 7BU"]
[Date "2023.07.26"]
[Round "5"]
[Board "15"]
[White "Verbytski, Oleg"]
[Black "Badacsonyi, Stanley"]
[Result "0-1"]
[WhiteElo "1795"]
[BlackElo "1976"]
[PlyCount "84"]
[EventDate "2023.07.22"]
[EventRounds "9"]
[EventCountry "ENG"]

1. e4 e6 2. d4 d5 3. Nd2 Nf6 4. e5 Nfd7 5. Bd3 c5 6. c3 Nc6 7. Ne2 cxd4 8. cxd4
f6 9. exf6 Nxf6 10. Nf3 Bd6 11. O-O O-O 12. a3 Bd7 13. Bg5 Rc8 14. b4 a6 15.
Ng3 h6 16. Bxf6 Qxf6 17. Rb1 Be8 18. Rc1 Bxg3 19. fxg3 Bh5 20. Kh1 Nxd4 21.
Rxc8 Rxc8 22. Bh7+ Kxh7 23. Qxd4 Bxf3 24. Qxf6 gxf6 25. gxf3 Rc3 26. Re1 e5 27.
f4 e4 28. Kg2 Rd3 29. Rc1 Rd2+ 30. Kf1 Kg6 31. h3 Kf5 32. Rc7 e3 33. Re7 d4 34.
Ke1 Rh2 35. a4 h5 36. b5 axb5 37. axb5 h4 38. b6 hxg3 39. Rxb7 d3 40. Kf1 e2+
41. Ke1 Rh1+ 42. Kd2 e1=Q+  0-1

[Event "British Chess Championships 2023: Major Open"]
[Site "The Venue, De Montfort University, 20 Western Boulevard, Leicester, LE2 7BU"]
[Date "2023.07.26"]
[Round "5"]
[Board "16"]
[White "Bedi, Adam"]
[Black "Green, Michael"]
[Result "1-0"]
[WhiteElo "1791"]
[BlackElo "1923"]
[PlyCount "127"]
[EventDate "2023.07.22"]
[EventRounds "9"]
[EventCountry "ENG"]

1. f4 g6 2. Nf3 Bg7 3. Nc3 c6 4. b3 d5 5. e3 Bg4 6. Bb2 Nd7 7. Be2 Nh6 8. h3
Bxf3 9. Bxf3 e5 10. O-O O-O 11. Rb1 Qc7 12. g3 Rfe8 13. Ne2 Rad8 14. Bg2 a5 15.
a4 e4 16. Bxg7 Kxg7 17. Kh2 f5 18. Qc1 Nf6 19. Qb2 c5 20. Qc3 Qb6 21. Qb2 Nhg8
22. Rfd1 Ne7 23. Nc3 Nc6 24. Nb5 d4 25. Bf1 h5 26. Na3 Qc7 27. Be2 Nb4 28. Nc4
h4 29. Rg1 d3 30. cxd3 Nxd3 31. Bxd3 Rxd3 32. Ne5 Rd6 33. gxh4 Kh7 34. Nxg6 Qd8
35. Rg2 Nh5 36. Rbg1 Rg8 37. Ne5 Rxg2+ 38. Rxg2 Qxh4 39. Qc3 b6 40. Qc4 Ng7 41.
Qf7 Qf6 42. Qc7 Re6 43. Rg6 Qxg6 44. Nxg6 Rxg6 45. Qd7 Kg8 46. d3 exd3 47. Qxd3
Re6 48. Kg2 Kh7 49. h4 Re4 50. Kf3 Kg6 51. Qd6+ Re6 52. Qd8 Kh7 53. Qg5 Rg6 54.
Qe7 Re6 55. Qc7 Kg6 56. Ke2 Kh6 57. Kd3 Kh7 58. Kc4 Re4+ 59. Kd5 Rb4 60. Ke5
Re4+ 61. Kf6 Re6+ 62. Kf7 Kh6 63. Qd8 Re8 64. Qg5+  1-0

[Event "British Chess Championships 2023: Major Open"]
[Site "The Venue, De Montfort University, 20 Western Boulevard, Leicester, LE2 7BU"]
[Date "2023.07.26"]
[Round "5"]
[Board "17"]
[White "Pink, Joshua"]
[Black "Garnett, John S"]
[Result "1-0"]
[WhiteElo "1890"]
[BlackElo "1831"]
[PlyCount "59"]
[EventDate "2023.07.22"]
[EventRounds "9"]
[EventCountry "ENG"]

1. d4 d5 2. c4 dxc4 3. e4 e5 4. d5 Nf6 5. Qc2 c6 6. dxc6 Nxc6 7. Nf3 Nd4 8.
Nxd4 Qxd4 9. Nc3 Bd7 10. Be3 Qd6 11. Bxc4 Be7 12. Rd1 Qb4 13. Bd5 O-O 14. a3
Qa5 15. O-O Rac8 16. Qb3 b5 17. h3 a6 18. f4 exf4 19. Bxf4 Nxd5 20. Nxd5 Bc5+
21. Kh1 Be6 22. Qg3 Kh8 23. b4 Bxb4 24. axb4 Qa2 25. Rf2 Qc4 26. Nb6 Qxe4 27.
Nxc8 Rxc8 28. Be5 Rg8 29. Qxg7+ Rxg7 30. Rd8#  1-0

[Event "British Chess Championships 2023: Major Open"]
[Site "The Venue, De Montfort University, 20 Western Boulevard, Leicester, LE2 7BU"]
[Date "2023.07.26"]
[Round "5"]
[Board "19"]
[White "Honey, Luke"]
[Black "Foster, Timothy"]
[Result "1/2-1/2"]
[WhiteElo "1730"]
[BlackElo "1874"]
[PlyCount "98"]
[EventDate "2023.07.22"]
[EventRounds "9"]
[EventCountry "ENG"]

1. e4 c5 2. Nc3 g6 3. d4 cxd4 4. Qxd4 Nf6 5. Nf3 Nc6 6. Qa4 d6 7. e5 dxe5 8.
Nxe5 Bd7 9. Nxd7 Nxd7 10. Be3 Bg7 11. Be2 O-O 12. O-O-O Bxc3 13. bxc3 Qc7 14.
h4 Nb6 15. Qb5 Qe5 16. Qxe5 Nxe5 17. f4 Nec4 18. Bc5 Rac8 19. Bxe7 Rfe8 20.
Bxc4 Rxe7 21. Bb3 Rxc3 22. Rhe1 Rec7 23. g4 Rh3 24. Rh1 Rxh1 25. Rxh1 a5 26. a4
Re7 27. h5 gxh5 28. Rxh5 Re4 29. Rf5 Nc4 30. Bxc4 Rxc4 31. Rxa5 Rxf4 32. g5 Kg7
33. Kd2 Kg6 34. Ke3 Rg4 35. Rb5 Rxa4 36. Rxb7 Rg4 37. Kf3 Rxg5 38. Rb6+ f6 39.
Rc6 h5 40. Rc8 Ra5 41. c4 Kf5 42. Kg3 Ke4 43. c5 f5 44. Re8+ Kd4 45. c6 Rc5 46.
Kf4 Rxc6 47. Rd8+ Kc4 48. Kxf5 Rc5+ 49. Kf4 Rd5  1/2-1/2

[Event "British Chess Championships 2023: Major Open"]
[Site "The Venue, De Montfort University, 20 Western Boulevard, Leicester, LE2 7BU"]
[Date "2023.07.26"]
[Round "5"]
[Board "20"]
[White "Babu, Rahul"]
[Black "Subramanian, Anusha"]
[Result "1/2-1/2"]
[WhiteElo "1846"]
[BlackElo "1818"]
[PlyCount "100"]
[EventDate "2023.07.22"]
[EventRounds "9"]
[EventCountry "ENG"]

1. e4 e6 2. d4 d5 3. Bd3 dxe4 4. Bxe4 Nf6 5. Bf3 c5 6. Ne2 cxd4 7. Qxd4 Nbd7 8.
Bg5 Qc7 9. Nbc3 Bc5 10. Qd2 h6 11. Be3 a6 12. O-O-O Bxe3 13. Qxe3 Rb8 14. h4 b5
15. Nf4 Nb6 16. Nd3 Nc4 17. Qc5 Qe7 18. Qxe7+ Kxe7 19. b3 Nd6 20. Ne5 Rb6 21.
a4 Bd7 22. a5 Rbb8 23. Rxd6 Kxd6 24. Nxf7+ Kc5 25. Nxh8 Rxh8 26. Rd1 Bc6 27.
Bxc6 Kxc6 28. b4 g5 29. Rd4 e5 30. Rd3 gxh4 31. Rh3 Ng4 32. Ne4 Kd5 33. Rxh4 h5
34. f3 Ne3 35. Nc3+ Ke6 36. g4 Rc8 37. Kd2 Nc4+ 38. Ke1 Ne3 39. Kd2 Nc4+ 40.
Ke1 Ne3 41. Rxh5 Rxc3 42. Rh6+ Kd5 43. Kd2 Ra3 44. Rxa6 Nc4+ 45. Ke2 Ra2 46.
Kd3 Nb2+ 47. Ke3 Nc4+ 48. Kd3 Nb2+ 49. Kc3 Nc4 50. Kd3 Nb2+  1/2-1/2

[Event "British Chess Championships 2023: Major Open"]
[Site "The Venue, De Montfort University, 20 Western Boulevard, Leicester, LE2 7BU"]
[Date "2023.07.26"]
[Round "5"]
[Board "21"]
[White "Pattni, Kishan"]
[Black "Bansal, Saahil"]
[Result "0-1"]
[WhiteElo "1593"]
[BlackElo "1846"]
[PlyCount "62"]
[EventDate "2023.07.22"]
[EventRounds "9"]
[EventCountry "ENG"]

1. f4 Nf6 2. b3 g6 3. Bb2 Bg7 4. Nf3 O-O 5. e3 d6 6. h3 c5 7. Be2 Nc6 8. O-O
Bf5 9. Nh4 Bd7 10. f5 e5 11. fxg6 hxg6 12. Qe1 Nb4 13. Bd1 Bb5 14. d3 Bxd3 15.
cxd3 Nxd3 16. Qe2 Nxb2 17. Qxb2 Nd5 18. e4 Qxh4 19. exd5 e4 20. Nc3 b5 21. b4
e3 22. bxc5 b4 23. Rc1 Bxc3 24. Qc2 dxc5 25. Bg4 Rad8 26. Qe4 Rfe8 27. Qc4 Bd4
28. Kh1 Rd6 29. Qb5 Rf8 30. Qb7 Be5 31. Rf3 e2  0-1

[Event "British Chess Championships 2023: Major Open"]
[Site "The Venue, De Montfort University, 20 Western Boulevard, Leicester, LE2 7BU"]
[Date "2023.07.26"]
[Round "5"]
[Board "22"]
[White "Bennett, Max"]
[Black "Mccarthy, Damian M"]
[Result "1-0"]
[WhiteElo "1583"]
[BlackElo "1838"]
[PlyCount "43"]
[EventDate "2023.07.22"]
[EventRounds "9"]
[EventCountry "ENG"]

1. e4 c5 2. Nf3 g6 3. d4 cxd4 4. c3 d5 5. Qxd4 Nf6 6. e5 Nc6 7. Bb5 Ne4 8. e6
f6 9. Qa4 Qd6 10. Nd4 Nc5 11. Nxc6 Nxa4 12. Ne5+ Kd8 13. Nf7+ Kc7 14. Nxd6 Nxc3
15. Nxc3 Kxd6 16. Bf4+ Kxe6 17. O-O-O Kf5 18. Nxd5 e5 19. Be3 Be6 20. f3 Rc8+
21. Kb1 Bf7 22. Bd7+  1-0

[Event "British Chess Championships 2023: Major Open"]
[Site "The Venue, De Montfort University, 20 Western Boulevard, Leicester, LE2 7BU"]
[Date "2023.07.26"]
[Round "5"]
[Board "23"]
[White "Sivanandan, Bodhana"]
[Black "Howell, Oliver W"]
[Result "0-1"]
[WhiteElo "1834"]
[BlackElo "1799"]
[PlyCount "156"]
[EventDate "2023.07.22"]
[EventRounds "9"]
[EventCountry "ENG"]

1. e4 e6 2. d4 d5 3. Nd2 Be7 4. Ngf3 Nf6 5. Bd3 c5 6. exd5 Qxd5 7. dxc5 Nc6 8.
O-O Bxc5 9. Nb3 Bb6 10. Qe2 Bd7 11. Bf4 Nb4 12. Bc4 Qe4 13. Qxe4 Nxe4 14. c3
Rc8 15. Be2 Nd5 16. Bg3 Nxg3 17. hxg3 Ke7 18. Rad1 Nf6 19. Ne5 Ba4 20. Bf3 Rc7
21. Rd2 Rd8 22. Rxd8 Kxd8 23. Rd1+ Ke7 24. Kf1 Bc5 25. Rd2 Bd6 26. Ng4 Nxg4 27.
Bxg4 b5 28. Be2 Be5 29. Ke1 b4 30. c4 Bc6 31. Kf1 Rd7 32. Rxd7+ Bxd7 33. Nc5
Bxb2 34. Nxd7 Kxd7 35. Bd1 Kd6 36. Ke2 Kc5 37. Kd3 Bc3 38. f3 f6 39. g4 a5 40.
Be2 Be5 41. Bd1 g6 42. Ba4 f5 43. Bd7 Kd6 44. Be8 Bf6 45. Ke3 Ke5 46. gxf5 exf5
47. g3 Be7 48. Kd3 Bc5 49. f4+ Ke6 50. Ke2 Bd4 51. Kf3 Ke7 52. Ba4 h5 53. Ke2
Kf6 54. Be8 Bc5 55. Kf3 Kg7 56. Kg2 Kh6 57. Bd7 Bd4 58. Kh3 Be3 59. Kg2 h4 60.
Kf3 Bc5 61. gxh4 Kh5 62. Be8 Be7 63. Ke3 Kxh4 64. Kd4 Kg4 65. Ke5 g5 66. fxg5
Kxg5 67. Bc6 f4 68. Bf3 a4 69. Ke4 b3 70. axb3 a3 71. Kd5 a2 72. c5 a1=Q 73. b4
Qa3 74. Be4 Qxb4 75. c6 Qc5+ 76. Ke6 Qd6+ 77. Kf7 Bf6 78. Ke8 Qe7#  0-1